00350pab a2200133 454500008004000000100002200040245005600062260000900118300001400127362000900141650001200150700002100162773003300183180718b2008 xxu||||| |||| 00| 0 eng d aJaffee, Dwight M. aMortgage guarantee programs and the subprime crisis c2008 ap.117-43. aFall aHousing aQuigley, John M. aCalifornia Management Review